| 000 | 00595nam a2200157 a 4500 | ||
|---|---|---|---|
| 001 | 5404 | ||
| 003 | CDMR | ||
| 005 | 20130611115406.0 | ||
| 008 | 130130s1978||||||||||||||||||||||||||||d | ||
| 040 |
_aCDMR _bcat _cCDMR |
||
| 110 |
_93014 _aAsociación de Reporteros Gráficos de la República Argentina |
||
| 245 | 1 | 0 |
_aPeriodismo gráfico argentino _b: 7ª Muestra Edición 1987/8 _cAsociación de Reporteros Gráficos de la República Argentina |
| 260 |
_aLanús _c1978 _bAsociación de Reporteros Gráficos de la República Argentina |
||
| 650 | 0 | 4 |
_93679 _aFotoperiodisme _xExposicions |
| 942 |
_cMON _2ddc |
||
| 999 |
_c5404 _d5404 |
||